000 00281nam a22001217a 4500
008 170609b xxu||||| |||| 00| 0 eng d
041 _aeng
080 _22ND
_a328
100 _a19
101 _aSHP
245 _aAMERICAN STATE AND LOCAL GOVERNMENT
_cJOHNSON,C.O
942 _2udc
_cBK
999 _c16733
_d16733